000 00465nam a2200169Ia 4500
008 180207s9999 xx 000 0 und d
020 _a761316825
050 _bG798 2002
100 _aGreenberg, Jan.
245 _aAction Jackson /
245 _cJan Greenberg and Sandra Jordan ; illutrated by Robert Andrew Parker.
260 _aConnecticut :
260 _bRoaring Brook Press,
260 _c2002
300 _a32 pages :
300 _bcolor illustration ;
999 _c355007
_d355007